| 000 | 00705nam a2200217 i 4500 | ||
|---|---|---|---|
| 001 | 19156 | ||
| 003 | ES-MaACL | ||
| 005 | 20250824033625.0 | ||
| 007 | t| | ||
| 008 | 020626s2000 sp ||||1| spa d | ||
| 020 | _a84-7719-868-3 | ||
| 080 | _a792(460.181 L.)"18" | ||
| 100 | 1 |
_aFernández García, Estefanía. _949805 |
|
| 245 | 1 | 3 |
_aEl teatro en León en la segunda mitad del siglo XIX / _cEstefanía Fernández García. |
| 260 |
_aLeón : _bUniversidad, Secretariado de Publicaciones, _c[2000] |
||
| 300 |
_a333 p. : _bil. ; _c29 cm. |
||
| 650 | 1 | 4 |
_aTeatro- _xLeón _917313 |
| 710 | 2 |
_aUniversidad de León. _97200 |
|
| 852 |
_aES-MaACL _jL-25585 _bR.131773 |
||
| 999 |
_c19156 _d19156 |
||